000 00562cam a2200193 a 4500
001 000010241
005 20200929162217.0
008 040604s2002 mx 000 0 spa
020 _a9706801278
040 _aDO-SdBNP
_bspa
_cBNPHU
082 _aM861.44
_bR467c
100 1 _aReza, Germán A. de la
_913322
245 1 0 _aColumna de luz /
_cGermán A. De la Reza.
260 _aMéxico :
_bVerdehalago,
_c2002.
300 _a91 p. ;
_c18 cm.
650 4 _aPoesía mexicana
_99120
650 4 _aLiteratura mexicana
_91922
910 _aCatalogación por copia / LC
999 _c10000
_d10000